000 00687nam a22002177a 4500
003 OSt
005 20140310182311.0
008 130919t xxu||||| |||| 00| 0 eng d
020 _a9780753417263
050 _aAG 6
_b.C155 2008
082 _aAG 520.5
_bC157 2008
100 _aCallery, Sean
_920907
245 _aExplore /
_cSean Callery.
260 _aNew York, NY :
_bKingfisher,
_cc2008.
300 _a319 p. :
_bcol. ill. ;
_c28 cm.
650 _aChildren's encyclopedias and dictionaries.
_913274
650 _a2. Encyclopedias and dictionaries
_xJuvenile literature.
_920908
650 _aEncyclopedias and dictionaries.
_97527
942 _2lcc
_cBK-GR
999 _c11682
_d11682